| 000 | 00523cam a2200205ua 4500 | ||
|---|---|---|---|
| 020 | _c95.00 | ||
| 041 |
_aeng _h |
||
| 082 |
_a624.15136 _bMUR/SO |
||
| 100 | _aMurthy, V N S . | ||
| 245 |
_aSoil mechanics and foundation engineering, Vol 1 / _cV N S Murthy. _hTextual Documents |
||
| 250 |
_a3 / _b. |
||
| 260 |
_aBangalore : _bSai Kripa Technical Consultants , _c1989. |
||
| 300 | _a780. | ||
| 365 | _a95.00 | ||
| 500 | _a* CSS | ||
| 504 | _a | ||
| 942 | _cBK | ||
| 999 |
_c7398 _d7398 |
||